000 01081cam a22003011 4500
001 17543
003 BD-RjUL
005 20211209000146.0
008 140217s1965 mnu b 000 0 eng d
035 _a(BD-RjUL) 17601
040 _aDLC
_cWa
_dDLC
_dBD-RjUL
_beng
041 _aeng
082 0 0 _a811.1
_219
_bSTE 1965
100 1 _aStanford, Donald E.
_q(Donald Elwin),
_d1913-1998.
_954049
245 0 0 _aEdward Taylor /
_cby Donald E. Stanford.
260 _aMinneapolis :
_bUniversity of Minnesota Press,
_cc1965
300 _a46 p. ;
_c21 cm.
504 _aBibliography: p. 45-46.
600 1 0 _aTaylor, Edward,
_d1642-1729
_xCriticism and interpretation.
_954060
650 0 _aDevotional literature, American
_xHistory and criticism.
_954052
650 0 _aChristian poetry, American
_xHistory and criticism.
_954053
650 0 _aPuritan movements in literature.
_954054
650 0 _aPuritans in literature.
_954055
942 _2ddc
_cBK
999 _c17543
_d17543